000 00978nam a22003257a 4500
001 BR7400371
003 BR-BrBNA
005 20230928084510.0
007 ta
008 230509b bl.||||| |||| 00| 0 por d
040 _aBR-BrBNA
_bpor
_cBiblioteca Nacional de Agricultura
041 _a(Por)
072 _aB10; E50; E70
_b0230
_b/G514
_b/GZ65
090 _ 0230 BR7400371
100 1 _aAndrade, M.C. de
110 1 _aInstituto Joaquim Nabuco de Pesquisas Sociais, Recife, PE (Brasil)
_96383
245 1 _aOs rios do acucar do nordeste oriental. 4. Os rios Coruripe, Jiquia e Sao Miguel [Pernambuco; Alagoas; Brasil]
260 3 _aRecife, PE (Brasil):
_c1959.
300 _a96 p.
500 _a20 illus.; Bibliography p. 87-96 (66 ref.)
650 _aTRANSPORTE
650 _aUSINA
650 _aPOLUICAO
650 _aCANA DE ACUCAR
650 _aSAFRA
650 _aPERNAMBUCO
650 _aALAGOAS
909 _a202309
_bLucia
_c55
_dLucia Elande
942 _cBK
999 _c19373
_d19373